[Event "24. Aberto Xadrez Albariño"]
[Site "Cambados ESP"]
[Date "2008.08.06"]
[Round "6.12"]
[White "Pena Torres, Jose Carlos"]
[Black "Orlovska, Madara"]
[Result "0-1"]
[WhiteElo "2143"]
[BlackElo "2021"]
[PlyCount "162"]
[EventDate "2008.08.01"]
[EventType "swiss"]
[EventRounds "9"]
[EventCountry "ESP"]
[Source "lmi"]
[SourceDate "2008.08.01"]

1. e4 c5 2. Nf3 d6 3. d4 cxd4 4. Nxd4 Nf6 5. Nc3 g6 6. g3 Nc6 7. Nde2 Bg7 8.
Bg2 O-O 9. O-O Bd7 10. h3 Rc8 11. Kh2 Re8 12. Nd5 Nxd5 13. exd5 Na5 14. a4 Qb6
15. Ra2 e5 16. b3 f5 17. Bd2 Qc7 18. c4 b6 19. Nc3 a6 20. Ne2 Nb7 21. Be3 Nc5
22. f4 e4 23. Nc1 b5 24. axb5 axb5 25. b4 Na4 26. c5 dxc5 27. bxc5 Nxc5 28. Rc2
Qd6 29. Qd2 Na4 30. Ne2 Rxc2 31. Qxc2 Rc8 32. Qb3 Nc3 33. Nd4 Qxd5 34. Re1 Qxb3
35. Nxb3 Ra8 36. Nc5 Bc6 37. Ne6 Bf6 38. Nd4 Bd7 39. Bf1 Ra4 40. Nb3 Ra2+ 41.
Kg1 Be6 42. Nd4 Bc4 43. Rc1 Bxf1 44. Rxc3 Bc4 45. Rc1 Ra3 46. Kf2 Rd3 47. Nc6
Rc3 48. Rd1 Rc2+ 49. Kg1 Bd3 50. Ne5 Re2 51. Bc5 Rc2 52. Bd6 Bc4 53. Ra1 Ra2
54. Rc1 Ra4 55. Rd1 e3 56. Re1 Ra6 57. Bb4 Bd8 58. Bc5 Bb6 59. Bxb6 Rxb6 60.
Rxe3 Bd5 61. Rd3 Be6 62. Re3 b4 63. Nd3 b3 64. Nb2 Kf7 65. Kf2 Rc6 66. Re2 Bd5
67. Rd2 Be4 68. g4 h6 69. g5 hxg5 70. fxg5 Rc3 71. Ke1 Rxh3 72. Nc4 Rh1+ 73.
Kf2 Rh2+ 74. Ke3 Rxd2 75. Kxd2 Ke6 76. Ke3 Kd5 77. Nb2 Bc2 78. Kf4 Kd4 79. Na4
Be4 80. Nb2 Kc3 81. Nd1+ Kd2 0-1

[Event "24. Aberto Xadrez Albariño"]
[Site "Cambados ESP"]
[Date "2008.08.06"]
[Round "6.13"]
[White "Sanchez Quiroga, Miguel Angel"]
[Black "Chesa Chavarria, Aurelio"]
[Result "1/2-1/2"]
[WhiteElo "2183"]
[BlackElo "1919"]
[PlyCount "73"]
[EventDate "2008.08.01"]
[EventType "swiss"]
[EventRounds "9"]
[EventCountry "ESP"]
[Source "lmi"]
[SourceDate "2008.08.01"]

1. e4 c5 2. Nf3 Nc6 3. d4 cxd4 4. Nxd4 Nf6 5. Nc3 e5 6. Ndb5 d6 7. a4 a6 8. Na3
Be6 9. Bc4 Na5 10. Bd5 Rc8 11. Bg5 Be7 12. Bxf6 Bxf6 13. O-O O-O 14. Qe2 Bg5
15. Rfd1 Bxd5 16. Nxd5 f5 17. Rd3 Nc4 18. Nxc4 Rxc4 19. exf5 Rxf5 20. Rf3 Rxf3
21. Qxc4 Rf7 22. Ra3 h6 23. b4 Kh8 24. Rc3 Qf8 25. f3 Bd2 26. Rd3 Bg5 27. Qg4
Qb8 28. h4 Qa7+ 29. Kf1 Bf4 30. g3 e4 31. Rd1 Bxg3 32. Rd2 Rxf3+ 33. Kg2 Rf2+
34. Kxg3 Rxd2 35. Qc8+ Kh7 36. Qf5+ Kh8 37. Qf8+ 1/2-1/2

[Event "24. Aberto Xadrez Albariño"]
[Site "Cambados ESP"]
[Date "2008.08.06"]
[Round "6.14"]
[White "Torres Dominguez, David"]
[Black "Otero Chaves, Carlos Miguel"]
[Result "1-0"]
[WhiteElo "2134"]
[BlackElo "1903"]
[PlyCount "47"]
[EventDate "2008.08.01"]
[EventType "swiss"]
[EventRounds "9"]
[EventCountry "ESP"]
[Source "lmi"]
[SourceDate "2008.08.01"]

1. e4 c5 2. Nf3 d6 3. d4 cxd4 4. Nxd4 Nf6 5. Nc3 a6 6. f4 Nc6 7. Nxc6 bxc6 8.
e5 dxe5 9. Qxd8+ Kxd8 10. fxe5 Nd5 11. Bd2 Nxc3 12. Bxc3 Be6 13. Ba5+ Ke8 14.
O-O-O g6 15. Be2 Bg7 16. Bf3 Bd5 17. Bxd5 cxd5 18. Rxd5 Rc8 19. Rhd1 e6 20.
Rd8+ Rxd8 21. Rxd8+ Ke7 22. Rxh8 Bxh8 23. Bc3 Kd7 24. Bd4 1-0

[Event "24. Aberto Xadrez Albariño"]
[Site "Cambados ESP"]
[Date "2008.08.06"]
[Round "6.15"]
[White "Gonzalez Trigal, Jose Luis"]
[Black "Alonso Gonzalez, Fernando"]
[Result "1-0"]
[WhiteElo "1992"]
[BlackElo "1836"]
[PlyCount "75"]
[EventDate "2008.08.01"]
[EventType "swiss"]
[EventRounds "9"]
[EventCountry "ESP"]
[Source "lmi"]
[SourceDate "2008.08.01"]

1. e4 e5 2. Nf3 Nc6 3. Bb5 a6 4. Ba4 Nf6 5. O-O b5 6. Bb3 Be7 7. Re1 O-O 8. c3
d5 9. exd5 Nxd5 10. Nxe5 Nxe5 11. Rxe5 Nf6 12. d4 Bd6 13. Re1 Ng4 14. h3 Qh4
15. Qf3 Bh2+ 16. Kf1 Bd7 17. Be3 Kh8 18. a4 Rae8 19. axb5 Bd6 20. Ke2 Nxe3 21.
fxe3 Rxe3+ 22. Qxe3 Re8 23. Qxe8+ Bxe8 24. bxa6 Bg3 25. Rf1 Bb5+ 26. c4 Qe4+
27. Kd1 Bc6 28. d5 Ba8 29. Nd2 Qd4 30. Kc2 Be5 31. Ra2 f6 32. Rf3 g6 33. Rd3
Qf2 34. Ba4 Qxg2 35. Bc6 Bxc6 36. dxc6 Qxc6 37. Rd8+ Kg7 38. a7 1-0

[Event "24. Aberto Xadrez Albariño"]
[Site "Cambados ESP"]
[Date "2008.08.06"]
[Round "6.16"]
[White "Bazal Bouzas, Xose Henrique"]
[Black "Lago Fernandez, Fernando"]
[Result "1-0"]
[WhiteElo "1757"]
[BlackElo "1965"]
[PlyCount "57"]
[EventDate "2008.08.01"]
[EventType "swiss"]
[EventRounds "9"]
[EventCountry "ESP"]
[Source "lmi"]
[SourceDate "2008.08.01"]

1. d4 d5 2. e4 dxe4 3. Nc3 Nf6 4. f3 exf3 5. Nxf3 Bg4 6. h3 Bh5 7. Bc4 e6 8.
O-O Be7 9. Be3 O-O 10. Ne2 Bxf3 11. Rxf3 c6 12. Bd3 Nbd7 13. Qe1 Bd6 14. Qh4 g6
15. Raf1 Be7 16. Bg5 Nd5 17. Rxf7 N5f6 18. Rxf8+ Qxf8 19. Nf4 b5 20. Nxe6 Qf7
21. Nc5 Nxc5 22. Bxf6 Bxf6 23. Rxf6 Qe8 24. dxc5 Qe3+ 25. Qf2 Qe8 26. Qf3 Qe1+
27. Kh2 Qe5+ 28. Qf4 Qxc5 29. Bxg6 1-0

[Event "24. Aberto Xadrez Albariño"]
[Site "Cambados ESP"]
[Date "2008.08.06"]
[Round "6.17"]
[White "Diz Suarez, Carlos"]
[Black "Salgado Gonzalez, Julio"]
[Result "0-1"]
[WhiteElo "1689"]
[BlackElo "1916"]
[PlyCount "68"]
[EventDate "2008.08.01"]
[EventType "swiss"]
[EventRounds "9"]
[EventCountry "ESP"]
[Source "lmi"]
[SourceDate "2008.08.01"]

1. Nf3 Nc6 2. d4 d5 3. e3 Bf5 4. c3 e6 5. Bd3 Bxd3 6. Qxd3 Bd6 7. Nbd2 Nf6 8.
e4 e5 9. O-O O-O 10. exd5 Nxd5 11. Ne4 exd4 12. Nxd6 Qxd6 13. Nxd4 Nxd4 14.
Qxd4 Rfd8 15. Bg5 f6 16. Bd2 Rd7 17. Rad1 Qb6 18. Qg4 Rad8 19. Bh6 f5 20. Qxf5
Qxh6 21. Rfe1 Qf6 22. Qc2 c6 23. Rd3 Re7 24. Rxe7 Qxe7 25. Qd2 Re8 26. Kf1 Qe4
27. f3 Qe5 28. g3 Ne3+ 29. Kf2 Nc4 30. Qd1 Nxb2 31. Qb3+ Kf8 32. Qb4+ c5 33.
Qxb2 Qe1+ 34. Kg2 Re2+ 0-1

[Event "24. Aberto Xadrez Albariño"]
[Site "Cambados ESP"]
[Date "2008.08.06"]
[Round "6.18"]
[White "Guijarro Arca, Basilio"]
[Black "Outeiral Gonzalez, Ricardo"]
[Result "1-0"]
[WhiteElo "1915"]
[BlackElo "1792"]
[PlyCount "79"]
[EventDate "2008.08.01"]
[EventType "swiss"]
[EventRounds "9"]
[EventCountry "ESP"]
[Source "lmi"]
[SourceDate "2008.08.01"]

1. e4 e5 2. Nf3 Nc6 3. Bb5 a6 4. Ba4 b5 5. Bb3 Bb7 6. c3 Nf6 7. O-O Be7 8. Re1
O-O 9. d3 h6 10. Nbd2 d6 11. Nf1 Na5 12. Bc2 Nh7 13. Ng3 Ng5 14. Nf5 Nxf3+ 15.
Qxf3 Bg5 16. Qg3 Qf6 17. Re3 Bxe3 18. Bxe3 Kh7 19. Rf1 g5 20. d4 Rg8 21. Bc1
Rg6 22. Rd1 Nc6 23. Rd3 Rf8 24. h3 Ne7 25. dxe5 dxe5 26. Rd7 Nxf5 27. exf5 Rgg8
28. Rxc7 e4 29. Rxb7 Rd8 30. Qc7 Rge8 31. Qxf7+ Qxf7 32. Rxf7+ Kg8 33. Rf6 Kg7
34. Rg6+ Kh7 35. Rxa6 Rd5 36. Re6 Rxe6 37. fxe6 Kg7 38. Be3 Kf6 39. Bd4+ Kf5
40. e7 1-0

[Event "24. Aberto Xadrez Albariño"]
[Site "Cambados ESP"]
[Date "2008.08.06"]
[Round "6.19"]
[White "Bouza-Brey Teijeiro, Gonzalo"]
[Black "Mougan Gonzalez, Santiago"]
[Result "1-0"]
[WhiteElo "1904"]
[BlackElo "1730"]
[PlyCount "33"]
[EventDate "2008.08.01"]
[EventType "swiss"]
[EventRounds "9"]
[EventCountry "ESP"]
[Source "lmi"]
[SourceDate "2008.08.01"]

1. d4 Nf6 2. Nf3 g6 3. Bg5 Bg7 4. Nbd2 O-O 5. e3 d6 6. Bd3 Nbd7 7. c3 c5 8. O-O
h6 9. Bh4 g5 10. Bg3 Nh5 11. Ne4 d5 12. Nexg5 hxg5 13. Nxg5 Nxg3 14. fxg3 Nf6
15. Rxf6 exf6 16. Qh5 Re8 17. Bh7+ 1-0

[Event "24. Aberto Xadrez Albariño"]
[Site "Cambados ESP"]
[Date "2008.08.06"]
[Round "6.20"]
[White "Otero Ramirez, Angel"]
[Black "Minguela Muñoz, Bienvenido"]
[Result "0-1"]
[WhiteElo "1806"]
[BlackElo "1917"]
[PlyCount "38"]
[EventDate "2008.08.01"]
[EventType "swiss"]
[EventRounds "9"]
[EventCountry "ESP"]
[Source "lmi"]
[SourceDate "2008.08.01"]

1. c4 Nf6 2. g3 g6 3. Bg2 Bg7 4. Nc3 c6 5. d3 d5 6. cxd5 cxd5 7. Bf4 O-O 8. Qd2
Re8 9. Nb5 e5 10. Bg5 Nc6 11. Nf3 Be6 12. O-O Qb6 13. Nc3 d4 14. Na4 Qb5 15. b3
e4 16. Bxf6 exf3 17. Bxg7 fxg2 18. Qh6 gxf1=Q+ 19. Rxf1 Qh5 0-1

[Event "24. Aberto Xadrez Albariño"]
[Site "Cambados ESP"]
[Date "2008.08.06"]
[Round "6.21"]
[White "Outeiro Padin, Heladio"]
[Black "Maria Lopez, Jorge Luis"]
[Result "0-1"]
[WhiteElo "1916"]
[BlackElo "1846"]
[PlyCount "86"]
[EventDate "2008.08.01"]
[EventType "swiss"]
[EventRounds "9"]
[EventCountry "ESP"]
[Source "lmi"]
[SourceDate "2008.08.01"]

1. d4 c5 2. Nf3 cxd4 3. Nxd4 Nf6 4. g3 e5 5. Nf3 Bc5 6. Bg2 e4 7. Nd4 d5 8. O-O
Bg4 9. Nb3 Bb6 10. Nc3 Nc6 11. Bg5 Be6 12. Na4 h6 13. Nxb6 hxg5 14. Nxa8 Qxa8
15. f3 Bh3 16. Bxh3 Rxh3 17. Kg2 Qc8 18. g4 Nxg4 19. Kxh3 Nf2+ 20. Kg2 Nxd1 21.
Raxd1 Nb4 22. c3 Nc2 23. Kf2 Qh3 24. Rh1 Qh4+ 25. Kg1 e3 26. Rf1 g4 27. Nd4
Nxd4 28. cxd4 gxf3 29. Rxf3 Qe1+ 30. Kg2 Qxe2+ 31. Kg3 Qd2 32. Rff1 g5 33. h4
e2 34. Re1 Qf4+ 35. Kg2 gxh4 36. Rxe2+ Kd7 37. Rf2 Qxd4 38. Rxf7+ Kc6 39. Rc1+
Kb6 40. Rcc7 Qg4+ 41. Kf1 Qh3+ 42. Ke2 Qh2+ 43. Kd3 Qxc7 0-1

[Event "24. Aberto Xadrez Albariño"]
[Site "Cambados ESP"]
[Date "2008.08.06"]
[Round "6.22"]
[White "Galard Agustin, Tomas E"]
[Black "Farto Orozco, David"]
[Result "1-0"]
[WhiteElo "1905"]
[BlackElo "1787"]
[PlyCount "83"]
[EventDate "2008.08.01"]
[EventType "swiss"]
[EventRounds "9"]
[EventCountry "ESP"]
[Source "lmi"]
[SourceDate "2008.08.01"]

1. Nf3 d5 2. g3 c5 3. Bg2 Nf6 4. d3 e6 5. O-O Be7 6. Re1 O-O 7. Nbd2 Nc6 8. c3
Rb8 9. e4 dxe4 10. dxe4 Qc7 11. Qe2 e5 12. h3 b5 13. b3 Rd8 14. Bb2 Be6 15. Ng5
Bc8 16. Rac1 h6 17. Ngf3 c4 18. b4 Be6 19. Rcd1 Rd3 20. Nb1 Rbd8 21. Rd2 Rxd2
22. Nbxd2 Rd3 23. Qd1 Qd7 24. Kh2 Ng4+ 25. hxg4 Bxg4 26. Qc2 f5 27. Re3 Rd6 28.
exf5 Bxf5 29. Ne4 Qe8 30. Qe2 Re6 31. Qd2 Qh5+ 32. Kg1 Qg4 33. Qe2 h5 34. Nh2
Qg6 35. Bf3 h4 36. g4 Bxe4 37. Bxe4 Qg5 38. Bd5 Kf7 39. Qf3+ Qf6 40. Qxf6+ Bxf6
41. Bxe6+ Kxe6 42. f4 1-0

[Event "24. Aberto Xadrez Albariño"]
[Site "Cambados ESP"]
[Date "2008.08.06"]
[Round "6.23"]
[White "Prol Lusquinos, Jose Manuel"]
[Black "Buil Montanes, Carlos"]
[Result "0-1"]
[WhiteElo "1792"]
[BlackElo "1882"]
[PlyCount "80"]
[EventDate "2008.08.01"]
[EventType "swiss"]
[EventRounds "9"]
[EventCountry "ESP"]
[Source "lmi"]
[SourceDate "2008.08.01"]

1. e4 c5 2. Nf3 e6 3. d4 cxd4 4. Nxd4 Nc6 5. Nc3 Qc7 6. Ndb5 Qb8 7. Be3 a6 8.
Bb6 axb5 9. Nxb5 Bb4+ 10. c3 Ba5 11. Nc7+ Qxc7 12. Bxc7 Bxc7 13. Qg4 Kf8 14.
Bd3 Ne5 15. Qe2 Nxd3+ 16. Qxd3 Ne7 17. O-O b6 18. Rfd1 f6 19. Qc4 Ra7 20. Qe2
Kf7 21. Qe3 Rd8 22. c4 Nc6 23. a3 Rb7 24. b4 e5 25. Rac1 Nd4 26. f4 d6 27. f5
Bb8 28. b5 Rc7 29. Kf2 Bb7 30. g4 Rdc8 31. Rxd4 exd4 32. Qxd4 Rc5 33. Ke3 Re8
34. Kd2 Rxe4 35. Qg1 Bc7 36. Kd3 Rce5 37. Kc3 Re3+ 38. Kb4 d5 39. Qf1 Bd6+ 40.
c5 R5e4+ 0-1

[Event "24. Aberto Xadrez Albariño"]
[Site "Cambados ESP"]
[Date "2008.08.06"]
[Round "6.24"]
[White "Campelo Bermudez, Javier"]
[Black "Bedoya Ramos, Hector Mario"]
[Result "1-0"]
[WhiteElo "1870"]
[BlackElo "1683"]
[PlyCount "91"]
[EventDate "2008.08.01"]
[EventType "swiss"]
[EventRounds "9"]
[EventCountry "ESP"]
[Source "lmi"]
[SourceDate "2008.08.01"]

1. e4 d5 2. exd5 Nf6 3. Nc3 Bg4 4. Be2 Bxe2 5. Ngxe2 Nxd5 6. O-O e5 7. d4 exd4
8. Qxd4 Nxc3 9. Qxd8+ Kxd8 10. Nxc3 c6 11. Bf4 Bc5 12. Rad1+ Kc8 13. Ne4 Na6
14. Ng5 f6 15. Ne6 g5 16. Bd6 Bxd6 17. Rxd6 Nc7 18. Nxc7 Kxc7 19. Rxf6 Rad8 20.
Re6 Rd2 21. Rc1 Rf8 22. f3 g4 23. Re3 gxf3 24. Rxf3 Re8 25. Rf2 Ree2 26. Rxe2
Rxe2 27. h3 Kd6 28. a3 Ke5 29. Kf1 Rd2 30. Re1+ Kf6 31. Re2 Rd1+ 32. Kf2 Rb1
33. c4 Rc1 34. b3 b5 35. cxb5 cxb5 36. Re3 a5 37. g4 Ra1 38. b4 axb4 39. axb4
Rb1 40. Re4 h6 41. Kg3 Rb3+ 42. Kh4 Rc3 43. Rf4+ Kg6 44. Rf5 Rc4 45. Rxb5 h5
46. Rb6+ 1-0

[Event "24. Aberto Xadrez Albariño"]
[Site "Cambados ESP"]
[Date "2008.08.06"]
[Round "6.25"]
[White "Maneiro Blanco, Jose"]
[Black "Montero Garcia, Francisco Javier"]
[Result "0-1"]
[WhiteElo "1695"]
[BlackElo "1870"]
[PlyCount "144"]
[EventDate "2008.08.01"]
[EventType "swiss"]
[EventRounds "9"]
[EventCountry "ESP"]
[Source "lmi"]
[SourceDate "2008.08.01"]

1. f4 e5 2. fxe5 d6 3. Nf3 Nc6 4. e4 dxe5 5. Bc4 Bc5 6. Qe2 Qe7 7. Nc3 Nf6 8.
d3 h6 9. Be3 Bg4 10. Nd5 Nxd5 11. exd5 Nd4 12. Bxd4 exd4 13. Qxe7+ Kxe7 14. O-O
f6 15. Rae1+ Kd7 16. Nh4 Rhe8 17. h3 Bh5 18. Nf5 Bf8 19. Nxd4 Bc5 20. c3 Bxd4+
21. cxd4 Bf7 22. Re4 a6 23. Rfe1 b5 24. Bb3 Kd6 25. Kf2 f5 26. Re5 g6 27. Kf3
g5 28. Rc1 Rxe5 29. Rc6+ Kd7 30. dxe5 Re8 31. d4 Bh5+ 32. g4 fxg4+ 33. hxg4
Rf8+ 34. Rf6 Rxf6+ 35. exf6 Bg6 36. Ke3 Ke8 37. Kd2 Kd7 38. Ke3 Kd6 39. Kf3 a5
40. a3 Kd7 41. Ke3 Kd6 42. Kf3 Bf7 43. a4 bxa4 44. Bxa4 Bxd5+ 45. Ke3 Ke6 46.
Bd1 Kxf6 47. Kf2 Ke6 48. Ke3 Kd6 49. Kf2 Bf7 50. Ke3 Bg6 51. Bf3 c5 52. dxc5+
Kxc5 53. Bd1 Kc4 54. Kd2 Kb4 55. Ke3 Kc4 56. Kd2 Kd4 57. Bf3 Bf7 58. Bd1 Be6
59. Bf3 Bd7 60. Ke2 Bb5+ 61. Kd2 Bd3 62. Bg2 Be4 63. Bf1 Bf3 64. Bh3 Ke4 65.
Kc3 Kf4 66. Kc4 Bxg4 67. Bg2 Be2+ 68. Kb3 Bb5 69. Kc3 h5 70. Kd2 Kg3 71. Bd5
Kf2 72. Be6 g4 0-1

[Event "24. Aberto Xadrez Albariño"]
[Site "Cambados ESP"]
[Date "2008.08.07"]
[Round "7.1"]
[White "Filip, Lucian"]
[Black "Petkov, Vladimir"]
[Result "1-0"]
[WhiteElo "2461"]
[BlackElo "2423"]
[PlyCount "55"]
[EventDate "2008.08.01"]
[EventType "swiss"]
[EventRounds "9"]
[EventCountry "ESP"]
[Source "lmi"]
[SourceDate "2008.08.01"]

1. Nf3 Nf6 2. c4 e6 3. g3 a6 4. Bg2 b5 5. b3 Bb7 6. O-O c5 7. Nc3 Qa5 8. Bb2
Be7 9. e4 O-O 10. Qe2 d6 11. e5 dxe5 12. Nxe5 Bxg2 13. Kxg2 bxc4 14. Nxc4 Qc7
15. Rac1 Nc6 16. Na4 Rfd8 17. Ne5 Nd4 18. Bxd4 Rxd4 19. Nf3 Re4 20. Qd1 Rd8 21.
Qc2 Rc8 22. d4 Qc6 23. Kg1 Nd7 24. Nxc5 Nxc5 25. dxc5 f5 26. Rfd1 Bxc5 27. Ng5
Rg4 28. Qxc5 1-0

[Event "24. Aberto Xadrez Albariño"]
[Site "Cambados ESP"]
[Date "2008.08.07"]
[Round "7.2"]
[White "Rodriguez Lopez, Rafael"]
[Black "Berbatov, Kiprian"]
[Result "1/2-1/2"]
[WhiteElo "2311"]
[BlackElo "2250"]
[PlyCount "223"]
[EventDate "2008.08.01"]
[EventType "swiss"]
[EventRounds "9"]
[EventCountry "ESP"]
[Source "lmi"]
[SourceDate "2008.08.01"]

1. e4 c5 2. Nf3 d6 3. Bb5+ Bd7 4. Bxd7+ Qxd7 5. c4 Nc6 6. d4 cxd4 7. Nxd4 g6 8.
Nc3 Bg7 9. Nde2 Nf6 10. f3 O-O 11. Bg5 Rfc8 12. O-O Qd8 13. b3 a6 14. a4 Nd7
15. Rb1 Nb4 16. Kh1 Nc5 17. Qd2 b6 18. Nd5 Nxd5 19. cxd5 b5 20. axb5 axb5 21.
Nd4 Bxd4 22. Qxd4 Ra2 23. Rfc1 f6 24. Be3 Rc7 25. Rc3 Nd7 26. Rbc1 Rxc3 27.
Qxc3 Kf7 28. Qc6 b4 29. Qb7 Nc5 30. Bxc5 dxc5 31. Qb5 Qd6 32. Qc4 Qe5 33. h3
Qb2 34. d6+ Kg7 35. Rg1 exd6 36. Qe6 Qe5 37. Qd7+ Kh6 38. Qd8 Kg5 39. Qf8 Ra1
40. h4+ Kf4 41. Rxa1 Qxa1+ 42. Kh2 Ke3 43. Qh6+ Ke2 44. Qxh7 Kf2 45. Qxg6 Qg1+
46. Kh3 Qh1+ 47. Kg4 Qxg2+ 48. Kf5 Qxg6+ 49. Kxg6 c4 50. h5 cxb3 51. h6 b2 52.
h7 b1=Q 53. h8=Q Kxf3 54. Qxf6+ Ke2 55. Qd4 b3 56. Qxd6 Qxe4+ 57. Kh5 Qd3 58.
Qh2+ Kd1 59. Qg1+ Kc2 60. Qc5+ Qc3 61. Qf2+ Qd2 62. Qc5+ Kb2 63. Qe5+ Ka2 64.
Qe6 Qa5+ 65. Kh4 Ka3 66. Qe3 Ka2 67. Qe6 Qb4+ 68. Kh5 Qb5+ 69. Kh4 Ka3 70. Qe3
Kb4 71. Qd2+ Ka4 72. Qd1 Qe5 73. Qd7+ Kb4 74. Qd2+ Kc4 75. Qc1+ Kd5 76. Qa3
Qd4+ 77. Kh5 b2 78. Qb3+ Kc5 79. Qa3+ Kb5 80. Qb3+ Qb4 81. Qd3+ Ka5 82. Qd8+
Qb6 83. Qa8+ Qa6 84. Qd8+ Qb6 85. Qa8+ Kb5 86. Qe8+ Kb4 87. Qe4+ Ka3 88. Qa8+
Kb4 89. Qe4+ Kc3 90. Qf3+ Kd2 91. Qg2+ Kd3 92. Qf1+ Ke4 93. Qg2+ Ke5 94. Qg3+
Kd5 95. Qf3+ Ke6 96. Qg4+ Kf7 97. Qc4+ Kf8 98. Qf4+ Kg7 99. Qg3+ Kf7 100. Qf3+
Qf6 101. Qb3+ Kg7 102. Qg3+ Kh7 103. Qc7+ Kg8 104. Qc8+ Qf8 105. Qg4+ Kh7 106.
Qe4+ Kh8 107. Qe5+ Qg7 108. Qe8+ Kh7 109. Qe4+ Kg8 110. Qa8+ Qf8 111. Qg2+ Qg7
112. Qa8+ 1/2-1/2

[Event "24. Aberto Xadrez Albariño"]
[Site "Cambados ESP"]
[Date "2008.08.07"]
[Round "7.3"]
[White "Ortiz Suarez, Isam"]
[Black "Starostits, Ilmars"]
[Result "0-1"]
[WhiteElo "2392"]
[BlackElo "2497"]
[PlyCount "96"]
[EventDate "2008.08.01"]
[EventType "swiss"]
[EventRounds "9"]
[EventCountry "ESP"]
[Source "lmi"]
[SourceDate "2008.08.01"]

1. e4 c5 2. Nf3 d6 3. d4 cxd4 4. Nxd4 Nf6 5. Nc3 g6 6. Be3 Bg7 7. f3 Nc6 8. Qd2
h5 9. O-O-O Bd7 10. Bd3 Rc8 11. Kb1 Qc7 12. h3 h4 13. Rhe1 Qb8 14. f4 Nh5 15.
Nf3 b5 16. e5 b4 17. Ne4 dxe5 18. Nc5 Rd8 19. fxe5 Bf5 20. Bg5 O-O 21. Qe3 Ng3
22. Bxh4 Bxd3 23. Nxd3 Nf5 24. Qe4 Qb5 25. Bf2 e6 26. Nc5 Ng3 27. Qe3 Nf5 28.
Qe4 Ng3 29. Bxg3 Qxc5 30. Qh4 Rxd1+ 31. Rxd1 Rc8 32. Qe4 a5 33. Rc1 a4 34. c3
b3 35. a3 Rd8 36. Qxa4 Qd5 37. Bf4 Bxe5 38. Nxe5 Nxe5 39. Qd4 Nd3 40. Qf6 Nxc1
41. Be5 Qe4+ 42. Ka1 Qxe5 43. Qxd8+ Kg7 44. Qd1 Qe3 45. a4 Nd3 46. a5 e5 47. a6
e4 48. Kb1 Qf2 0-1

[Event "24. Aberto Xadrez Albariño"]
[Site "Cambados ESP"]
[Date "2008.08.07"]
[Round "7.4"]
[White "Corona Garcia, Tomas"]
[Black "Ramiro Ovejero, Juan Luis"]
[Result "0-1"]
[WhiteElo "2210"]
[BlackElo "2370"]
[PlyCount "86"]
[EventDate "2008.08.01"]
[EventType "swiss"]
[EventRounds "9"]
[EventCountry "ESP"]
[Source "lmi"]
[SourceDate "2008.08.01"]

1. e4 d5 2. Nc3 d4 3. Nce2 e5 4. Nf3 f6 5. Ng3 Be6 6. Bb5+ c6 7. Ba4 Nd7 8. Bb3
Bxb3 9. axb3 d3 10. O-O dxc2 11. Qxc2 Qb6 12. d3 Nc5 13. Be3 Qxb3 14. Qc3 Qxc3
15. bxc3 Nxd3 16. Bxa7 Ne7 17. Rfd1 Nc8 18. Rxd3 Rxa7 19. Rad1 Be7 20. Nf5 g6
21. Nxe7 Kxe7 22. Rd7+ Ke6 23. h4 Ra1 24. h5 Rxd1+ 25. Rxd1 gxh5 26. Nh4 Nd6
27. Nf5 Nxf5 28. exf5+ Kxf5 29. Rd7 Rb8 30. Kf1 h6 31. Ke2 h4 32. Rg7 h5 33.
Kf3 Rd8 34. Ke2 b5 35. Rh7 Kg6 36. Rc7 Rd6 37. Ke3 f5 38. Re7 e4 39. Kf4 Rd2
40. Re6+ Kf7 41. Rxc6 Rxf2+ 42. Ke5 e3 43. Rc7+ Ke8 0-1

[Event "24. Aberto Xadrez Albariño"]
[Site "Cambados ESP"]
[Date "2008.08.07"]
[Round "7.5"]
[White "Rusev, Krasimir"]
[Black "Milchev, Nikolay"]
[Result "1-0"]
[WhiteElo "2508"]
[BlackElo "2356"]
[PlyCount "99"]
[EventDate "2008.08.01"]
[EventType "swiss"]
[EventRounds "9"]
[EventCountry "ESP"]
[Source "lmi"]
[SourceDate "2008.08.01"]

1. d4 Nf6 2. c4 g6 3. Nc3 Bg7 4. e4 d6 5. Be2 O-O 6. Bg5 Na6 7. Qd2 Qe8 8. Bd1
e5 9. d5 Nc5 10. Bc2 Bd7 11. Nge2 a5 12. O-O h5 13. Rae1 Nh7 14. Bh6 Qe7 15.
Bxg7 Kxg7 16. b3 Nf6 17. a3 a4 18. b4 Nb3 19. Qd1 Ng4 20. h3 Nh6 21. f4 exf4
22. Rxf4 Qg5 23. Rf3 h4 24. Bxb3 axb3 25. Qxb3 Rfe8 26. Qb2 Kg8 27. Nd4 Qe5 28.
Rd3 g5 29. Qc1 Qg7 30. c5 g4 31. Kh1 Re5 32. c6 bxc6 33. dxc6 Be6 34. b5 Rc5
35. Qb2 Bc4 36. Rdd1 Kh7 37. a4 gxh3 38. Re3 hxg2+ 39. Qxg2 Rg5 40. Qh3 Rg8 41.
Nce2 Bxe2 42. Nxe2 Ng4 43. Qxh4+ Kg6 44. Nf4+ Kf6 45. Nh5+ Kg6 46. Nxg7 Rxg7
47. Rh3 Kf6 48. Rd5 Ne5 49. Rg3 Nf3 50. Rxf3+ 1-0

[Event "24. Aberto Xadrez Albariño"]
[Site "Cambados ESP"]
[Date "2008.08.07"]
[Round "7.6"]
[White "Dimitrov, Vladimir"]
[Black "Patino Romaris, Juan Roberto"]
[Result "1-0"]
[WhiteElo "2450"]
[BlackElo "2272"]
[PlyCount "55"]
[EventDate "2008.08.01"]
[EventType "swiss"]
[EventRounds "9"]
[EventCountry "ESP"]
[Source "lmi"]
[SourceDate "2008.08.01"]

1. e4 e6 2. d4 d5 3. Nd2 Nc6 4. Ngf3 Nf6 5. e5 Nd7 6. b3 f6 7. Bb2 Be7 8. a3
O-O 9. c4 Ncb8 10. Qc2 Re8 11. Bd3 Nf8 12. O-O b6 13. Rac1 c6 14. Rfe1 Bb7 15.
cxd5 exd5 16. Nf1 fxe5 17. Nxe5 Bd6 18. Ng3 c5 19. dxc5 Bxc5 20. b4 Be7 21. Nh5
Bf6 22. Nxf6+ gxf6 23. Ng4 Rxe1+ 24. Rxe1 Nbd7 25. Nh6+ Kg7 26. Nf5+ Kg8 27.
Qd2 Ng6 28. Qh6 1-0

[Event "24. Aberto Xadrez Albariño"]
[Site "Cambados ESP"]
[Date "2008.08.07"]
[Round "7.7"]
[White "Ivanov, Jordan"]
[Black "Stanoev, Atanas"]
[Result "1-0"]
[WhiteElo "2421"]
[BlackElo "2198"]
[PlyCount "53"]
[EventDate "2008.08.01"]
[EventType "swiss"]
[EventRounds "9"]
[EventCountry "ESP"]
[Source "lmi"]
[SourceDate "2008.08.01"]

1. d4 d5 2. c4 e6 3. Nc3 Nf6 4. Bg5 Be7 5. e3 h6 6. Bxf6 Bxf6 7. Nf3 O-O 8. Qc2
b6 9. O-O-O Bb7 10. cxd5 exd5 11. h4 c5 12. g4 cxd4 13. exd4 g6 14. h5 g5 15.
Qf5 Qd6 16. Bd3 Qf4+ 17. Qxf4 gxf4 18. Kb1 Nd7 19. Nb5 Rfd8 20. Nd6 Rab8 21.
Rc1 Nf8 22. Nf5 Bg7 23. g5 hxg5 24. Ne7+ Kh8 25. Nxg5 Bf6 26. Nxf7+ Kg7 27.
Nxd8 1-0

[Event "24. Aberto Xadrez Albariño"]
[Site "Cambados ESP"]
[Date "2008.08.07"]
[Round "7.8"]
[White "Orlovska, Madara"]
[Black "Manolache, Marius"]
[Result "1-0"]
[WhiteElo "2021"]
[BlackElo "2521"]
[PlyCount "109"]
[EventDate "2008.08.01"]
[EventType "swiss"]
[EventRounds "9"]
[EventCountry "ESP"]
[Source "lmi"]
[SourceDate "2008.08.01"]

1. e4 c5 2. Nf3 e6 3. d4 cxd4 4. Nxd4 a6 5. Nc3 Qc7 6. Bd3 Bc5 7. Nb3 Be7 8.
O-O Nf6 9. f4 d6 10. Qe2 Nc6 11. Bd2 h5 12. a4 b6 13. Rae1 Bb7 14. e5 dxe5 15.
f5 Nd4 16. Nxd4 exd4 17. fxe6 dxc3 18. exf7+ Kf8 19. Bxc3 Rd8 20. Bb4 Rd7 21.
Rf5 Bd5 22. g3 Bc5+ 23. Bxc5+ Qxc5+ 24. Kf1 Re7 25. Re5 Rxe5 26. Qxe5 Kxf7 27.
b4 Qxb4 28. Qc7+ Kg8 29. Re7 Qb1+ 30. Ke2 Bf3+ 31. Kxf3 Qh1+ 32. Ke2 Qxh2+ 33.
Kd1 Qg1+ 34. Kd2 Qf2+ 35. Re2 Qc5 36. Qd8+ Qf8 37. Qxb6 Rh6 38. Qe6+ Kh8 39.
Qe7 Qb8 40. a5 Qxg3 41. Qf8+ Ng8 42. Re8 Qg2+ 43. Kc3 Qd5 44. Bc4 Rc6 45. Qxg8+
Qxg8 46. Rxg8+ Kh7 47. Re8 h4 48. Re6 Rc5 49. Kb4 Rg5 50. Bxa6 h3 51. Re1 Rg4+
52. c4 g5 53. Bc8 Rh4 54. a6 h2 55. Rh1 1-0